000
00330nam a2200133Ia 4500
008
230818s1987 xx 000 0 und d
041
_a
eng
100
_a
George J. Banwart
245
_a
Basic Food Microbiology
260
_b
C.B.S.Publication
_c
1987
300
_a
781p
520
_a
General | Hard Board
999
_c
853918
_d
853918
650
_a
Food Safety